Mahābandha. (Record no. 88713)
[ view plain ]
| 000 -LEADER | |
|---|---|
| fixed length control field | 01427cam a2200325 4500 |
| 001 - CONTROL NUMBER | |
| control field | sa 68018919 |
| 003 - CONTROL NUMBER IDENTIFIER | |
| control field | DLC |
| 005 - DATE AND TIME OF LATEST TRANSACTION | |
| control field | 20260227112715.0 |
| 008 - FIXED-LENGTH DATA ELEMENTS--GENERAL INFORMATION | |
| fixed length control field | 910104m19479999ii b 000 0 hino |
| 010 ## - LIBRARY OF CONGRESS CONTROL NUMBER | |
| LC control number | sa 68018919 |
| 040 ## - CATALOGING SOURCE | |
| Original cataloging agency | DLC |
| Transcribing agency | DLC |
| Modifying agency | DLC |
| 041 1# - LANGUAGE CODE | |
| Language code of text/sound track or separate title | hinpra |
| Language code of original | pra |
| 050 00 - LIBRARY OF CONGRESS CALL NUMBER | |
| Classification number | BL1316.B47 |
| Item number | M3516 1944 |
| 100 0# - MAIN ENTRY--PERSONAL NAME | |
| Personal name | Bhūtabali. |
| 240 10 - UNIFORM TITLE | |
| Uniform title | Mahābandha. |
| Language of a work | Hindi & Prakrit |
| 245 10 - TITLE STATEMENT | |
| Title | Mahābandha. |
| Statement of responsibility, etc. | Bhūtabali Bhaṭṭarakakr̥ta. Hindī anuvāda ādi sahita. Sampādana-anuvāda, Sumerucandra Divākara. |
| 260 ## - PUBLICATION, DISTRIBUTION, ETC. | |
| Place of publication, distribution, etc. | [Vārāṇasī] |
| Name of publisher, distributor, etc. | Bhāratīya Jñānapīṭha Prakāśana, |
| Date of publication, distribution, etc. | 1947-<1965 > |
| 300 ## - PHYSICAL DESCRIPTION | |
| Extent | v. <1-2, 6-7 > |
| Dimensions | 27 cm. |
| 490 1# - SERIES STATEMENT | |
| Series statement | Jñānapīṭha Mūrtidevī jainagranthamālā. Prākr̥ta ; |
| Volume/sequential designation | granthāṅka <1, 4, 8-9 > |
| 500 ## - GENERAL NOTE | |
| General note | Hindi and Prakrit; explationas in Hindi. |
| 504 ## - BIBLIOGRAPHY, ETC. NOTE | |
| Bibliography, etc. note | Bibliographical footnotes. |
| 500 ## - GENERAL NOTE | |
| General note | Includes various editions of some volumes. |
| 500 ## - GENERAL NOTE | |
| General note | Vols. <2, 6-7 > edited by Phūlacandra Siddhāntaśāstrī. |
| 500 ## - GENERAL NOTE | |
| General note | Classical work on Jaina ethics of action. |
| 505 1# - FORMATTED CONTENTS NOTE | |
| Formatted contents note | 1. Paḍhamo payaḍibandhāhiyāro -- 2. Bidiyo ṭṭhidibandhāhiyāro -- 6-7. Cauttho padeśabandhāhiyāro. |
| 650 #0 - SUBJECT ADDED ENTRY--TOPICAL TERM | |
| Topical term or geographic name entry element | Jaina ethics. |
| 700 1# - ADDED ENTRY--PERSONAL NAME | |
| Personal name | Divākara, Sumerucandra, |
| Dates associated with a name | 1905-1994. |
| 700 1# - ADDED ENTRY--PERSONAL NAME | |
| Personal name | Siddhāntaśāstrī, Phūlacandra, |
| Dates associated with a name | 1901-1995. |
| 830 #0 - SERIES ADDED ENTRY--UNIFORM TITLE | |
| Uniform title | Jñānapīṭha Mūrtidevī Jaina granthamālā. |
| Name of part/section of a work | Prākr̥ta ; |
| Volume/sequential designation | granthāṅka 1, etc. |
No items available.